000 00442 a2200181 4500
001 069022
003 OSt
005 20220401112802.0
008
082 _a658.8
_bP18I
100 1 _aPalmer, Adrian
245 1 _aIntroduction to marketing
_cby Adrian Palmer
250 _a2nd ed.
260 _aNew Delhi
_bOxford University Press
_c2010
300 _a551p.
653 _aMarketing
942 _2ddc
_cBK
999 _c2632
_d2632